Pays avec le plus de végétariens et végétaliens - Statistiques

Statistiques générales
  • Ce quiz a été pris 25 fois
  • Le résultat moyen est 4 sur 7
Statistiques - réponses
Hint Réponse % Correct
38% Inde
81%
7% Royaume-Uni
62%
10% Allemagne
57%
7% Australie
48%
20% Mexique
43%
16% Brésil
38%
8% Israel
24%
Aucun quiz correspondant
Distribution des résultats
% des personnes avec chaque résultat
Percentile par nombre de réponses
Votre historique - résultats
Vous n’avez pas pris ce quiz